000 00600nam a2200229Ia 4500
005 20250108124814.0
008 008 250107s9999 xx 000 0 eng d
020 _a978-93-91105-61-7
037 _aTB
040 _aCRL
_beng
_cCRL
041 _aeng
_2eng
084 _aw2,N P6
084 _qCRL
100 _aMunjal Girish Au.
_9551976
245 0 _aCases in polish grammar
_cMunjal Girish Au.
260 _aNew Delhi, India
_bLangers International
_c2254
300 _a52p.
365 _aINR
_b95
650 _aLINGUISTICS
942 _cTB
_hw2,N P6
999 _c1234642
_d1234642